El capital : razón histórica, sujeto revolucionario y conciencia /

¿Qué hacer? ¿El problema reside en no haber actuado después de interpretar al mundo, o el problema reside en la interpretación misma como base para organizar la acción transformadora? La teoría científica ha puesto en evidencia que toda representación teórica tiene su alcance limitado a ser una form...

Full description

Bibliographic Details
Main Author: Iñigo Carrera, Juan
Format: Libro
Language:Spanish
Published: Buenos Aires Imago Mundi 2013
Subjects:
Online Access:

MARC

LEADER 00000cam a2200000 a 4500
001 010067
003 UAHC_CL
005 20170803120637.0
008 160818s2013 ag 000 spa
020 |a 9789507931611 
040 |a UAHC_CL  |c UAHC_CL  |d UAHC_CL 
082 0 4 |a 335.43  |b I63  |2 20 
100 1 |a Iñigo Carrera, Juan 
245 1 3 |a El capital :  |b razón histórica, sujeto revolucionario y conciencia /  |c Juan Iñigo Carrera. 
260 |b Imago Mundi  |a Buenos Aires  |c 2013 
300 |a 371 p. 
520 |a ¿Qué hacer? ¿El problema reside en no haber actuado después de interpretar al mundo, o el problema reside en la interpretación misma como base para organizar la acción transformadora? La teoría científica ha puesto en evidencia que toda representación teórica tiene su alcance limitado a ser una forma de concebir la realidad, una forma de interpretar al mundo. La acción humana consciente parece chocar, así, contra un límite absoluto al conocimiento de su propia necesidad. Este no es un abstracto problema epistemológico. Si el conocimiento científico estuviera condenado a detenerse en la interpretación, la transformación de la sociedad actual en una sociedad basada en la individualidad libremente consciente -el socialismo o comunismo- estaría condenada a la imposibilidad. Otra vez, ¿qué hacer? Sólo cabe enfrentar la cuestión del qué hacer mismo de manera radical. Esto es, a partir de enfrentarnos críticamente a las determinaciones de nuestra propia acción transformadora desde su raíz, desde la determinación de nuestro ser social, poniendo todo en duda. 
600 1 4 |a Marx, Karl  |d 1818-1883  |t Kapital 
600 1 4 |a MARX, KARL  |d 1818-1883  |x CRITICA E INTERPRETACION 
650 4 |a COMUNISMO 
650 4 |a TEORIA ECONOMICA 
653 |a ANTROPOLOGIA 
900 |a 335.43 IÑIC 
942 |c BK 
952 |0 0  |1 0  |4 0  |6 335_430000000000000_IÑIC  |7 0  |8 General  |9 20939  |a BC  |b BC  |c General  |d 2017-08-03  |l 0  |o 335.43 IÑIC  |p 2362  |r 2026-01-13 00:00:00  |t 1  |w 2017-08-03  |y BK 
999 |c 10067  |d 10067